书目信息 |
| 题名: |
英汉遗传学词典
|
|
| 作者: | 徐耀先 主编 | |
| 分册: | ||
| 出版信息: | 北京 科学出版社 2002 |
|
| 页数: | 811页 | |
| 开本: | 21cm | |
| 丛书名: | ||
| 单 册: | ||
| 中图分类: | Q3-61 | |
| 科图分类: | ||
| 主题词: | 遗传学--yi chuan xue , 英语--ying yu , 遗传学--yi chuan xue--英语--汉语--词典 | |
| 电子资源: | ||
| ISBN: | 7-03-009826-9 | |
| 000 | 01190nam0 2200337 450 | |
| 000 | 01218nam0 2200337 450 | |
| 000 | 01181nam0 2200325 450 | |
| 000 | 01138nam0 2200313 450 | |
| 000 | 01127nam0 2200313 450 | |
| 000 | 01090nam0 2200301 450 | |
| 001 | CAL 012006066706 | |
| 005 | 20061030105951.42 | |
| 010 | @a7-03-009826-9@b精装@dCNY58.00 | |
| 099 | @aCAL 012006066706 | |
| 100 | @a20060825d2002 em y0chiy0120 ea | |
| 101 | 0 | @achi@aeng |
| 102 | @aCN@b110000 | |
| 105 | @ay e 000yy | |
| 200 | 1 | @a英汉遗传学词典@Aying han yi chuan xue ci dian@d= English-Chinese dictionary of genetics@f徐耀先等主编@zeng |
| 210 | @a北京@c科学出版社@d2002 | |
| 215 | @a811页@d21cm | |
| 304 | @a本书主编为: 徐耀先、刘立德、蒋明森等 | |
| 330 | @a本书收录遗传学及与其密切相关的科技名词和专业术语40000余条, 尤其注意收入20世纪80年代末及90年代以来出现的新词, 并对较难理解的词进行了注释。 | |
| 510 | 1 | @aEnglish-Chinese dictionary of genetics@zeng |
| 606 | 0 | @a遗传学@Ayi chuan xue |
| 606 | 0 | @a英语@Aying yu |
| 606 | 0 | @a遗传学@Ayi chuan xue@x英语@x汉语@j词典 |
| 690 | @aQ3-61@v4 | |
| 701 | 0 | @a徐耀先@Axu yao xian@4主编 |
| 801 | 0 | @aCN@c20061030 |
| 905 | @apdsgxy@dQ3-61@eX830 | |
| 英汉遗传学词典= English-Chinese dictionary of genetics/徐耀先等主编.-北京:科学出版社,2002 |
| 811页;21cm |
| ISBN 7-03-009826-9(精装):CNY58.00 |
| 本书收录遗传学及与其密切相关的科技名词和专业术语40000余条, 尤其注意收入20世纪80年代末及90年代以来出现的新词, 并对较难理解的词进行了注释。 |
| ● |
| 相关链接 |
|
|
|
正题名:英汉遗传学词典
索取号:Q3-61/X830
 
预约/预借
| 序号 | 登录号 | 条形码 | 馆藏地/架位号 | 状态 | 备注 |
| 1 | 634065 | 206340654 | 自科库401/401自科库 27排2列3层/ [索取号:Q3-61/X830] | 在馆 |